MARC

LEADER 00000nam0a2200000 4500
001 370599
005 20231102012309.0
035 |a (RuTPU)RU\TPU\retro\28008 
090 |a 370599 
100 |a 20220715d1978 km y0rusy50 ca 
101 0 |a rus 
102 |a RU 
105 |a a z 001zy 
200 1 |a Качество электросварных труб  |f Г. И. Гуляев, С. Л. Войцеленок  |g под ред. Я. Е. Осады 
210 |a Москва  |c Металлургия  |d 1978 
215 |a 256 с.  |c ил. 
320 |a Библиогр.: с. 252-256 
606 1 |a Трубы сварные  |x Производство  |2 stltpush  |3 (RuTPU)RU\TPU\subj\61943  |9 79105 
610 1 |a электросварные трубы 
610 1 |a применение 
610 1 |a трубные швы 
610 1 |a сварка плавлением 
610 1 |a структура 
610 1 |a свойства 
610 1 |a контактная сварка 
610 1 |a термическая обработка 
610 1 |a коррозионностойкие стали 
610 1 |a деформация 
610 1 |a малоуглеродистые стали 
610 1 |a технико-экономические показатели 
675 |a 621.774.2  |v 4 
700 1 |a Гуляев  |b Г. И.  |g Геннадий Иванович 
701 1 |a Войцеленок  |b С. Л.  |g Светлана Леонидовна 
702 1 |a Осада  |b Я. Е.  |4 340 
801 1 |a RU  |b 63413507  |c 20220715 
942 |c BK